[Event "CRO-chT1B"]
[Site "Bol"]
[Date "2014.10.09"]
[Round "6.4"]
[White "Brnas, Augustin"]
[Black "Novakovic, Dragan"]
[Result "1/2-1/2"]
[WhiteElo "2295"]
[BlackElo "2303"]
[PlyCount "62"]
[EventDate "2014.10.04"]
[EventType "team-tourn"]
[EventRounds "9"]
[EventCountry "CRO"]
[SourceTitle "CBM 162 Extra"]
[Source "ChessBase"]
[SourceDate "2014.10.17"]
[SourceVersion "1"]
[SourceVersionDate "2014.10.17"]
[SourceQuality "1"]
[WhiteTeam "Dubrovnik"]
[BlackTeam "Vukovar Slaven"]
[WhiteTeamCountry "CRO"]
[BlackTeamCountry "CRO"]

1. e4 e6 2. d4 d5 3. Nd2 c5 4. exd5 exd5 5. Ngf3 Bd6 6. Bb5+ Bd7 7. Qe2+ Qe7 8. Bxd7+ Nxd7 9. Qxe7+ Nxe7 10. dxc5 Nxc5 11. 0-0 0-0 12. Re1 Nc6 13. a3 Rae8 14. Rxe8 Rxe8 15. Kf1 Ne5 16. Nxe5 Bxe5 17. Nf3 Bf6 18. Rb1 a6 19. Be3 Rc8 20. Bxc5 Rxc5 21. c3 Rb5 22. Re1 g6 23. Re2 Kf8 24. Ke1 Rb6 25. Kd1 Rd6 26. Rd2 Ke7 27. Kc2 Kd7 28. Kd3 Kc6 29. Re2 Rd8 30. Nd4+ Kd6 31. f4 Rc8 1/2-1/2

[Event "Zupanja op"]
[Site "Zupanja"]
[Date "2014.08.24"]
[Round "4"]
[White "Runic, Zoran"]
[Black "Novakovic, Dragan"]
[Result "1-0"]
[WhiteElo "2410"]
[BlackElo "2303"]
[PlyCount "73"]
[EventDate "2014.08.24"]
[EventType "swiss"]
[EventRounds "9"]
[EventCountry "CRO"]
[SourceTitle "EXT 2016"]
[Source "ChessBase"]
[SourceDate "2015.10.08"]
[SourceVersion "1"]
[SourceVersionDate "2015.10.08"]
[SourceQuality "1"]

1. e4 c6 2. d3 d5 3. Nd2 Nd7 4. Ngf3 e5 5. Be2 Bd6 6. 0-0 Ne7 7. c3 0-0 8. Re1 Qc7 9. Bf1 Nc5 10. h3 dxe4 11. dxe4 Ng6 12. Nc4 Be7 13. a4 Be6 14. b4 Nb3 15. Qxb3 b5 16. Qc2 bxc4 17. Nd2 a5 18. bxa5 Rxa5 19. Bxc4 Nf4 20. Bxe6 Nxe6 21. Nc4 Ra6 22. a5 Bc5 23. Rb1 f6 24. Qb3 Qf7 25. Qb7 Nc7 26. Qb3 Nb5 27. Be3 Bxe3 28. Rxe3 Rd8 29. Qb4 Qf8 30. Nb6 Rd2 31. Qc4+ Kh8 32. Qxc6 Na3 33. Rb3 Nc2 34. Rg3 Rxa5 35. Nd7 Ra1+ 36. Kh2 Rdd1 37. Rd3 1-0

[Event "CRO-chT2"]
[Site "Bol"]
[Date "2013.09.19"]
[Round "6.2"]
[White "Curic, Drazen"]
[Black "Novakovic, Dragan"]
[Result "0-1"]
[WhiteElo "2245"]
[BlackElo "2308"]
[PlyCount "88"]
[EventDate "2013.09.14"]
[EventType "team-tourn"]
[EventRounds "9"]
[EventCountry "CRO"]
[SourceTitle "CBM 156 Extra"]
[Source "ChessBase"]
[SourceDate "2013.10.22"]
[SourceVersion "1"]
[SourceVersionDate "2013.10.22"]
[SourceQuality "1"]
[WhiteTeam "Split Brda"]
[BlackTeam "Vukovar Slaven"]
[WhiteTeamCountry "CRO"]
[BlackTeamCountry "CRO"]

1. b3 d5 2. Bb2 c6 3. g3 Bf5 4. Bg2 e6 5. d3 Nf6 6. Nd2 Be7 7. e3 Nbd7 8. Ne2 h6 9. h3 a5 10. a3 Qc7 11. 0-0 0-0 12. e4 dxe4 13. dxe4 Bh7 14. f4 Nc5 15. Nc3 Rfd8 16. Qe2 Rd7 17. e5 Nd5 18. Nxd5 cxd5 19. Rac1 Na4 20. Bd4 Nc3 21. Qe3 Rc8 22. Ra1 b5 23. Kh2 b4 24. axb4 axb4 25. Rfc1 Nb5 26. Bb2 Qb8 27. Bf1 Rxc2 28. Rxc2 Bxc2 29. Ra6 Na3 30. Nf3 Bg6 31. g4 Rc7 32. Kg3 Bc5 33. Qe1 Be4 34. Nd2 Bc2 35. Qe2 Qc8 36. Bxa3 bxa3 37. Qb5 Bf8 38. Qa4 Qd7 39. Qa5 Rc5 40. Qb4 Qc8 41. Qa4 Rc3+ 42. Kh2 Qb7 43. Ra8 Rc8 44. Ra6 Qb4 0-1

[Event "CRO-chT2 1B League qual"]
[Site "Opatija"]
[Date "2012.11.25"]
[Round "2.2"]
[White "Novakovic, Dragan"]
[Black "Kukina, Mario"]
[Result "1-0"]
[WhiteElo "2296"]
[BlackElo "2056"]
[PlyCount "77"]
[EventDate "2012.11.24"]
[EventType "team-tourn"]
[EventRounds "3"]
[EventCountry "CRO"]
[SourceTitle "EXT 2014"]
[Source "ChessBase"]
[SourceDate "2013.11.20"]
[SourceVersion "1"]
[SourceVersionDate "2013.11.20"]
[SourceQuality "1"]
[WhiteTeam "Vukovar"]
[BlackTeam "Karlobag"]
[WhiteTeamCountry "CRO"]
[BlackTeamCountry "CRO"]

1. c4 c6 2. Nf3 Nf6 3. g3 d5 4. Bg2 e6 5. b3 Be7 6. 0-0 0-0 7. Bb2 Nbd7 8. Qc2 Re8 9. d3 Nf8 10. e4 Ng6 11. Nbd2 b6 12. Rfe1 Bb7 13. e5 Nd7 14. Rad1 Rc8 15. h4 h6 16. h5 Ngf8 17. Nh2 Qc7 18. Ng4 Nh7 19. Nf1 Ndf8 20. Nfe3 Red8 21. d4 Bb4 22. Re2 Qe7 23. Qb1 Qg5 24. Bf3 Kh8 25. Nh2 Qe7 26. Nc2 dxc4 27. a3 c3 28. Bc1 Bc5 29. b4 Bxd4 30. Rxd4 Ba6 31. Re3 Rxd4 32. Nxd4 c5 33. Nc6 Qd7 34. b5 c2 35. Qb2 Bxb5 36. Qxb5 Rxc6 37. Bxc6 Qd1+ 38. Qf1 Qxh5 39. Qe2 1-0

[Event "CRO-chT2 Ost"]
[Site "Osijek"]
[Date "2012.04.22"]
[Round "3.23"]
[White "Novakovic, Dragan"]
[Black "Sargac, Rajna"]
[Result "1-0"]
[WhiteElo "2286"]
[BlackElo "2134"]
[PlyCount "33"]
[EventDate "2012.04.21"]
[EventType "team-tourn"]
[EventRounds "11"]
[EventCountry "CRO"]
[SourceTitle "EXT 2014"]
[Source "ChessBase"]
[SourceDate "2013.11.20"]
[SourceVersion "1"]
[SourceVersionDate "2013.11.20"]
[SourceQuality "1"]

1. c4 e6 2. Nf3 f5 3. Nc3 Nf6 4. d4 Bb4 5. Bd2 a5 6. g3 Ne4 7. Bg2 0-0 8. 0-0 b6 9. d5 Ba6 10. Nxe4 fxe4 11. Ng5 Bxc4 12. Bxe4 h6 13. dxe6 d5 14. Nf7 Qf6 15. Bxb4 dxe4 16. Bxf8 Bxe6 17. Nd8 1-0

[Event "CRO-chT2 East"]
[Site "Croatia"]
[Date "2011.10.15"]
[Round "8"]
[White "Radulovic, Bojan"]
[Black "Novakovic, Dragan"]
[Result "1-0"]
[WhiteElo "2216"]
[BlackElo "2304"]
[PlyCount "123"]
[EventDate "2011.04.02"]
[EventType "tourn"]
[EventRounds "11"]
[EventCountry "CRO"]
[SourceTitle "EXT 2014"]
[Source "ChessBase"]
[SourceDate "2013.11.20"]
[SourceVersion "1"]
[SourceVersionDate "2013.11.20"]
[SourceQuality "1"]

1. e4 c6 2. d4 d5 3. Nc3 dxe4 4. Nxe4 Bf5 5. Ng3 Bg6 6. h4 h6 7. Nf3 Nd7 8. h5 Bh7 9. Bd3 Bxd3 10. Qxd3 e6 11. Bf4 Ngf6 12. 0-0-0 Be7 13. Kb1 Nd5 14. Bd2 b5 15. Ne5 Nxe5 16. dxe5 Qc7 17. Qe4 Qb6 18. f4 b4 19. Ka1 0-0-0 20. Rhf1 Bh4 21. Ne2 Bf2 22. Nc1 Be3 23. Nd3 Bxd2 24. Rxd2 a5 25. Re1 Ne7 26. c3 Rd5 27. cxb4 axb4 28. Rc2 Qd4 29. Nf2 Rhd8 30. Kb1 Kc7 31. Qf3 Ra8 32. Re4 Qb6 33. Qb3 Rb8 34. g4 Rd4 35. f5 Nd5 36. Rxd4 Qxd4 37. Qc4 Qxc4 38. Rxc4 Rb5 39. Nd3 Kb6 40. fxe6 fxe6 41. Re4 Kc7 42. Kc2 c5 43. a4 bxa3 44. bxa3 Kc6 45. Ra4 Rb7 46. Kd2 Rd7 47. Rc4 Ra7 48. Nxc5 Kb5 49. Rc2 Rxa3 50. Nxe6 Ne3 51. Nd4+ Kb6 52. Rc6+ Kb7 53. Rg6 Nc4+ 54. Kc2 Nxe5 55. Rxg7+ Kc8 56. Nf5 Rh3 57. g5 Rh2+ 58. Kd1 hxg5 59. h6 g4 60. h7 Ng6 61. Ne7+ Nxe7 62. Rxe7 1-0

[Event "CRO-chT2 East"]
[Site "Croatia"]
[Date "2011.04.02"]
[Round "1"]
[White "Novakovic, Dragan"]
[Black "Pucovski, Miroslav"]
[Result "1/2-1/2"]
[WhiteElo "2304"]
[BlackElo "2304"]
[PlyCount "74"]
[EventDate "2011.04.02"]
[EventType "tourn"]
[EventRounds "11"]
[EventCountry "CRO"]
[SourceTitle "EXT 2014"]
[Source "ChessBase"]
[SourceDate "2013.11.20"]
[SourceVersion "1"]
[SourceVersionDate "2013.11.20"]
[SourceQuality "1"]

1. d4 d5 2. Nf3 Nf6 3. g3 Bf5 4. Bg2 e6 5. 0-0 Be7 6. c4 c6 7. Nc3 Nbd7 8. cxd5 cxd5 9. Bf4 a6 10. Nd2 Qb6 11. e4 dxe4 12. Ndxe4 0-0 13. Na4 Qa7 14. Nd6 Bxd6 15. Bxd6 Rfc8 16. Nc5 Nxc5 17. Bxc5 Qb8 18. Re1 Nd5 19. Qb3 Rd8 20. Re5 Bg6 21. Bxd5 exd5 22. Rae1 Qc8 23. Rxd5 Qc6 24. Rde5 h6 25. h4 Re8 26. Be7 h5 27. d5 Qd7 28. d6 Rac8 29. Qe3 Kh7 30. Rc1 Rxc1+ 31. Qxc1 f6 32. Re3 Rc8 33. Rc3 Be4 34. f3 Rxc3 35. Qxc3 Bf5 36. Qe3 Kh8 37. Kg2 Qe6 1/2-1/2

[Event "Stara Pazova op"]
[Site "Stara Pazova"]
[Date "2010.08.01"]
[Round "1"]
[White "Novakovic, Dragan"]
[Black "Sertic, Rudolf"]
[Result "0-1"]
[WhiteElo "2312"]
[BlackElo "2395"]
[PlyCount "34"]
[EventDate "2010.08.01"]
[EventType "swiss"]
[EventRounds "10"]
[EventCountry "YUG"]
[SourceTitle "CBM 137 Extra"]
[Source "ChessBase"]
[SourceDate "2010.09.01"]
[SourceVersion "1"]
[SourceVersionDate "2010.09.01"]
[SourceQuality "1"]

1. d4 d5 2. Nf3 Nf6 3. Bf4 c5 4. e3 Nc6 5. c3 Qb6 6. Qc1 cxd4 7. cxd4 Bf5 8. Be2 Rc8 9. 0-0 e6 10. Nbd2 Be7 11. h3 0-0 12. Re1 h6 13. Nb1 Nb4 14. Nc3 Nd3 15. Bxd3 Bxd3 16. Qd2 Be4 17. Ne5 Rfd8 0-1

[Event "CRO-chT2 East"]
[Site "Osijek"]
[Date "2010.04.24"]
[Round "4.13"]
[White "Novakovic, Dragan"]
[Black "Pandurevic, Miro"]
[Result "1-0"]
[WhiteElo "2310"]
[BlackElo "2294"]
[PlyCount "43"]
[EventDate "2010.04.17"]
[EventType "team-tourn"]
[EventRounds "11"]
[EventCountry "CRO"]
[SourceTitle "EXT 2012"]
[Source "ChessBase"]
[SourceDate "2011.11.24"]
[SourceVersion "1"]
[SourceVersionDate "2011.11.24"]
[SourceQuality "1"]

1. Nf3 e6 2. b3 Nf6 3. Bb2 b6 4. g3 Bb7 5. Bg2 Be7 6. 0-0 0-0 7. c4 d6 8. Nc3 Nbd7 9. Qc2 c5 10. Rfd1 Qb8 11. e4 d5 12. exd5 exd5 13. cxd5 Rd8 14. d4 Nxd5 15. Nxd5 Bxd5 16. dxc5 Nf6 17. Ng5 g6 18. Bxf6 Bxf6 19. Bxd5 Bxa1 20. Bxa8 Bd4 21. Qc4 Bxf2+ 22. Kxf2 1-0

[Event "CRO-chT2 East"]
[Site "Osijek"]
[Date "2010.04.17"]
[Round "2.13"]
[White "Novakovic, Dragan"]
[Black "Cajzler, Hinko"]
[Result "1-0"]
[WhiteElo "2310"]
[BlackElo "2185"]
[PlyCount "85"]
[EventDate "2010.04.17"]
[EventType "team-tourn"]
[EventRounds "11"]
[EventCountry "CRO"]
[SourceTitle "EXT 2012"]
[Source "ChessBase"]
[SourceDate "2011.11.24"]
[SourceVersion "1"]
[SourceVersionDate "2011.11.24"]
[SourceQuality "1"]

1. d4 Nf6 2. Nf3 e6 3. g3 b6 4. Bg2 Bb7 5. 0-0 Be7 6. c4 0-0 7. Nc3 Ne4 8. Qc2 f5 9. Ne5 d5 10. e3 Nd7 11. Nd3 Ndf6 12. cxd5 exd5 13. f3 Nxc3 14. bxc3 Bd6 15. c4 dxc4 16. Qxc4+ Bd5 17. Qc2 g6 18. Nf2 Nh5 19. Bd2 Rc8 20. e4 fxe4 21. fxe4 Be6 22. Qc3 a5 23. Bh6 Bb4 24. Qb2 Rf7 25. d5 Bd7 26. Nd3 Rxf1+ 27. Rxf1 Qe7 28. e5 Bb5 29. d6 Qe6 30. Nxb4 axb4 31. Rd1 Bc4 32. d7 Rd8 33. Qxb4 b5 34. Qf8+ Rxf8 35. Bxf8 Qb6+ 36. Kh1 Kxf8 37. d8Q+ Kg7 38. Qe7+ Bf7 39. Bd5 Qf2 40. Qxf7+ Qxf7 41. Bxf7 Kxf7 42. Rd7+ Ke6 43. Rxc7 1-0

[Event "Borovo op"]
[Site "Borovo"]
[Date "2010.01.03"]
[Round "2"]
[White "Novakovic, Dragan"]
[Black "Vlaicevic, Marin"]
[Result "1/2-1/2"]
[WhiteElo "2315"]
[BlackElo "2000"]
[PlyCount "80"]
[EventDate "2010.01.02"]
[EventType "swiss"]
[EventRounds "9"]
[EventCountry "CRO"]
[SourceTitle "CBM 134 Extra"]
[Source "ChessBase"]
[SourceDate "2010.03.03"]
[SourceVersion "1"]
[SourceVersionDate "2010.03.03"]
[SourceQuality "1"]

1. Nf3 Nf6 2. b3 d5 3. Bb2 c6 4. g3 Bf5 5. Bg2 Nbd7 6. d3 e6 7. Nbd2 Qc7 8. 0-0 Bd6 9. Re1 e5 10. e4 dxe4 11. dxe4 Bg4 12. Nc4 Bc5 13. Qd2 Bxf3 14. Bxf3 0-0 15. b4 Be7 16. a3 Rfe8 17. g4 Rad8 18. Qe2 b5 19. Ne3 Nf8 20. c4 a6 21. cxb5 axb5 22. Rac1 Ne6 23. Nd5 Nxd5 24. exd5 Nf4 25. Qxb5 Qa7 26. Qf1 Bh4 27. Rxe5 Bxf2+ 28. Kh1 Rxe5 29. Bxe5 Qe3 30. Bxf4 Qxf3+ 31. Qg2 Qxf4 32. Rf1 Rxd5 33. Qxf2 Qxf2 34. Rxf2 Rd3 35. Rc2 Rxa3 36. Rxc6 f6 37. Kg2 Rb3 38. Rb6 Kf7 39. b5 Kg6 40. Rb7 h5 1/2-1/2